00533nam a2200181 a 45000010010000000030011000100080041000210350026000620820016000881000020001042450031001242600043001556500018001989420012002169520088002289980020003169990015003360000-8696ELIB.Books110520 1955  a(ELIB.Books)0000-8842 a227.6 bPhi aPhillips, J. B. aThe Young Church in action bNew York: The Macmillan Company c1955 aNew Testament 2ddccBK 00102ddc4070aKBTSbKBTSd2011-05-20l0p77r2022-01-22 00:00:00w2022-01-22yBK cbate2011-05-20 c8696d8696